Statistics for Family Guy Characters

Click here to take the quiz!

General Stats

  • This quiz has been taken 148 times
    (52 since last reset)
  • The average score is 38 of 85

Answer Stats

HintAnswer% Correct
HousewifeLois Griffin
100%
Dimwitted DadPeter Griffin
100%
Socially Awkward SonChris Griffin
98%
Unattractive DaughterMeg Griffin
98%
Giggity Giggity GooGlenn Quagmire
96%
Handicap CopJoe Swanson
96%
Genius InfantStewie Griffin
96%
Talking DogBrian Griffin
94%
The Black GuyCleveland Brown
94%
Wife Of CopBonnie Swanson
81%
Son Of The Black GuyCleveland Brown Jr.
74%
Mayor Of QuahogMayor Adam West
70%
Rich Father-In-LawCarter Pewterschmidt
68%
News ReporterTom Tucker
68%
Wife Of The Black GuyDonna Tubbs
66%
Jewish Pharmacy OwnerMort Goldman
66%
Son Of CopKevin Swanson
64%
Stewie's Teddy BearRupert
64%
Baby Daughter Of CopSusie Swanson
64%
Neighborhood PedophileHerbert
62%
Rich Mother-In-LawBabs Pewterschmidt
57%
Owner And Bartender At The Drunken ClamJerome
57%
Son Of Jewish Pharmacy OwnerNeil Goldman
57%
Deceased Female News ReporterDiane Simmons
55%
Creator Of The UniverseGod
55%
Giant Bird That Peter Often FightsErnie The Giant Chicken
53%
"Evil" Creature Who Hides In ClosetsEvil Monkey
53%
Deceased Wife Of Cleveland BrownLoretta Brown
53%
Son Of ^Jesus Christ
51%
Pirate With Wooden LimbsSeamus
51%
Popular Female BullyConnie D'Amico
49%
Spanish MaidConsuela
49%
The Grim ReaperDeath
49%
BlaccuWeather MeteorologistOllie Williams
49%
DoctorDr. Hartman
47%
Deceased Wife Of Jewish Pharmacy OwnerMuriel Goldman
47%
Deceased Boss At The BreweryAngela
45%
OH YEAH!Kool-Aid Guy
45%
Challenged Brewery WorkerOpie
45%
Stepson Of The Black GuyRallo Tubbs
45%
Asian News ReporterTricia Takanawa
45%
Gay ManBruce
43%
Wife Of MayorCarol West
40%
Really Dumb BlondeJillian
40%
Manager Of Toy FactoryMr. Weed
40%
Stepdaughter Of The Black GuyRoberta Tubbs
40%
Husband Owner Of The BreweryBert
38%
Quagmire's "Father"Ida Davis
38%
Brian's CousinJasper
38%
Midget CelebrityTiny Tom Cruise
38%
Deceased Owner Of The Drunken ClamHorace
36%
Celebrity Enemy Of The GriffinsJames Woods
36%
The Fat Guy StranglerPatrick Pewterschmidt
36%
Meg's FriendPatty
36%
Man Who Was Caught In Grease Truck ExplosionGreased-Up Deaf Guy
34%
News Reporters Upside Face SonJake Tucker
34%
Female News ReporterJoyce Kinney
34%
Deceased Stepfather Of Peter GriffinFrancis Griffin
32%
Deceased Mother Of Peter GriffinThelma Griffin
30%
The Griffin's Dog After Brian Was KilledVinny
30%
CEO of Al Harrington's Wacky Waving Inflatable Arm-Flailing Tubeman Emporium and Warehouse'Al Harrington
26%
Stewie's Evil Half BrotherBertram
26%
Principal Of The High SchoolPrincipal Shepherd
26%
Stewie's RivalDoug
23%
Meg's FriendEsther
23%
Mascot Of The Pawtucket BreweryPawtucket Pat
23%
Deceased Husband Of Really Dumb BlondeDerek
21%
Mayor's Cowboy BrotherWild West
21%
Meg's FriendRuth
19%
Dimwitted Dad's Vestigial TwinChip
17%
Dimwitted Dad's Biological Irish FatherMickey McFinnigan
17%
British Man Who Is A "BUZZ-KILL"Buzz Killington
15%
Quagmire's Overweight Girlfriend From The Clue EpisodeStephanie
15%
Asian Dry CleanerMr. Washee Washee
13%
^'s Girlfriend Who Gets Killed In The Clue EpisodePriscilla
13%
Funny Foreign Guy 1Tomik
13%
Funny Foreign Guy 2Bellgarde
11%
Talking Irish SheepO'Brian
11%
Wife Owner Of The BrewerySheila
11%
DolphinBilly Finn
9%
Deceased Small And Annoying ManPaddy Tanniger
9%
Stewie's Girlfriend Who Tried To Kill BrianPenelope
9%
Fortune TellerMadame Claude
6%
Brian's Co-Worker With A Very Large MouthJames William Bottomtooth III
4%
Stewie's Famous GirlfriendOlivia Fuller
2%

Score Distribution

Percentile by Number Answered

Percent of People with Each Score

Your Score History

You have not taken this quiz since the last reset